| 000 | 00614nam a2200181 i 4500 | ||
|---|---|---|---|
| 001 | 100267 | ||
| 003 | ES-MaACL | ||
| 005 | 20260210163245.0 | ||
| 007 | t| | ||
| 008 | 050923s1964 sp ||||1| spa d | ||
| 100 | 1 |
_aMartínez-Zaporta, Felipe. _978487 |
|
| 245 | 1 | 0 |
_aFruticultura / _cFelipe Martínez-Zaporta. |
| 260 |
_aMadrid : _bInstituto Nacional de Investigaciones Agronómicas, _c1964. |
||
| 300 |
_aXVI, 1003 p., 4 lám. col. : _bil. ; _c24 cm. |
||
| 710 |
_aInstituto Nacional de Investigaciones Agronómicas _c(España) _9219222 |
||
| 852 |
_aES-MaACL _jC-30159 _bR.60322 |
||
| 999 |
_c100267 _d100267 |
||